000 00758nam a2200205Ia 4500
003 GCL
008 140319s9999 xx 000 0 ara d
040 _aGCL /
_cGCL
082 0 4 _a810.8
_bم م
100 1 _aمصطفى لطفى المنفلوطى
245 1 0 _aمؤلفات مصطفى لطفى المنفلوطى /
_cمصطفى لطفى المنفلوطى
700 1 _aجبرائيل سليمان جبور(تقديم)
260 _aبيروت :
_bدار الافاق الجديدة ،
_c1995
300 _a186 ص ؛
_c24 سم
490 _aمؤلفات مصطفى لطفى المنفلوطى
_v0
650 0 4 _aالقصة العربية
650 0 4 _aالقصة القصيرة
650 0 4 _aمصطفى لطفى المنفلوطى
942 _2ddc
_cBK
999 _c38629
_d38629